00661nam a2200193Ia 4500008004100000050001000041050001500051100002100066245013400087245007100221260003100292260001000323260001000333300001500343300002000358300001100378500005600389650002200445160628s9999 xx 000 0 und d aQ 75  b.Er71 2016 aEroles, Rolyn B. 4aThe study of the eddicacy of cucurbita maxima (squash) seeds methanolic extract as hair growth stimulant in sprague-dawley rats / cRolyn B. Eroles. Ma. Gracelli Z. Pineda, Ma. Joyce Ann C. Serrano. aLas Piñas, Philippines : bSISC, c2016. a62 pages : billustrations ; c28 cm. aIncludes bibliographical references and appendices. aCucurbita Maxima.